PREVENTIVE DIPLOMACY (Record no. 33443)

MARC details
000 -LEADER
fixed length control field 00280nam a22001337a 4500
003 - CONTROL NUMBER IDENTIFIER
control field SGT
020 ## - INTERNATIONAL STANDARD BOOK NUMBER
International Standard Book Number 9780465061884
082 ## - DEWEY DECIMAL CLASSIFICATION NUMBER
Classification number 327.2
Item number CAH
100 ## - MAIN ENTRY--PERSONAL NAME
Personal name CAHILL KEVIN M
245 ## - TITLE STATEMENT
Title PREVENTIVE DIPLOMACY
260 ## - PUBLICATION, DISTRIBUTION, ETC. (IMPRINT)
Place of publication, distribution, etc USA
Name of publisher, distributor, etc BASIC BOOKS
Year of Publication 1996
300 ## - PAGE DESCRIPTION
No. of Pages 370
942 ## - ADDED ENTRY ELEMENTS (KOHA)
Source of classification or shelving scheme Dewey Decimal Classification
Koha item type Books
Holdings
Withdrawn status Lost status Source of classification or shelving scheme Damaged status Not for loan Collection code Home library Current library Date acquired SGTU Total Checkouts Full call number Accession No. (Barcode) Date last seen Bill Date Koha item type
    Dewey Decimal Classification   Not For Loan LAW SGT Science & Social Sciences Library SGT Science & Social Sciences Library 22/01/2026 SGTU   327.2 CAH FL3930 22/01/2026 22/01/2026 Books